Statistieken voor Top 15 landen met Covid-19 sterfgevallen - 24 oktober

Klik hier om de quiz te nemen!

Algemene statistieken

  • Deze quiz is 4 keer genomen
  • De gemiddelde score is 11 van 20

Antwoordstatistieken

land% Correct
Italië
100%
Verenigde Staten
100%
België
75%
Brazilië
75%
Frankrijk
75%
Mexico
75%
Rusland
75%
Verenigd Koninkrijk
75%
Argentinië
50%
Bolivia
50%
Chili
50%
Colombia
50%
Ecuador
50%
India
50%
Peru
50%
Spanje
50%
Iran
25%
Panama
25%
Zuid-Afrika
0%
Zweden
0%

Scoreverdeling

Percentiel versus Aantal Correcte Antwoorden

Procent van Mensen met Elke Score

Uw Scoregeschiedenis

U heeft deze quiz nog niet genomen